|
|
|
|
| LEADER |
01775cas a2200265 a 4500 |
| 001 |
AALejournalIMF015374 |
| 008 |
230101c9999 xx r poo 0 0eng d |
| 020 |
|
|
|c 5.00 USD
|
| 020 |
|
|
|z 9781513585840
|
| 022 |
|
|
|a 1018-5941
|
| 040 |
|
|
|a BD-DhAAL
|c BD-DhAAL
|
| 100 |
1 |
|
|a Blanchard, Olivier.
|
| 245 |
1 |
0 |
|a Can Foreign Exchange Intervention Stem Exchange Rate Pressures from Global Capital Flow Shocks? /
|c Olivier Blanchard, Gustavo Adler, Irineu de Carvalho Filho.
|
| 264 |
|
1 |
|a Washington, D.C. :
|b International Monetary Fund,
|c 2015.
|
| 300 |
|
|
|a 1 online resource (30 pages)
|
| 490 |
1 |
|
|a IMF Working Papers
|
| 500 |
|
|
|a <strong>Off-Campus Access:</strong> No User ID or Password Required
|
| 500 |
|
|
|a <strong>On-Campus Access:</strong> No User ID or Password Required
|
| 506 |
|
|
|a Electronic access restricted to authorized BRAC University faculty, staff and students
|
| 520 |
3 |
|
|a Many emerging market economies have relied on foreign exchange intervention (FXI) in response to gross capital inflows. In this paper, we study whether FXI has been an effective tool to dampen the effects of these inflows on the exchange rate. To deal with endogeneity issues, we look at the response of different countries to plausibly exogenous gross inflows, and explore the cross country variation of FXI and exchange rate responses. Consistent with the portfolio balance channel, we find that larger FXI leads to less exchange rate appreciation in response to gross inflows.
|
| 538 |
|
|
|a Mode of access: Internet
|
| 700 |
1 |
|
|a Adler, Gustavo.
|
| 700 |
1 |
|
|a de Carvalho Filho, Irineu.
|
| 830 |
|
0 |
|a IMF Working Papers; Working Paper ;
|v No. 2015/159
|
| 856 |
4 |
0 |
|z Full text available on IMF
|u http://elibrary.imf.org/view/journals/001/2015/159/001.2015.issue-159-en.xml
|z IMF e-Library
|